Strzelcy Bramek w Finale Euro (2004-2020) - Statystyki

Ogólne statystyki
  • Ten quiz został rozwiązany 149 razy
  • Średni wynik to 6 z 9
Statystyki odpowiedzi
Rok Finał Strzelec % Poprawnych
2016 Portugalia-Francja 1:0 Eder
89%
2008 Hiszpania-Niemcy 1:0 Fernando Torres
87%
2012 Hiszpania-Włochy 4:0 Fernando Torres
87%
2020 Włochy-Anglia 1:1 Luke Shaw
69%
2020 Włochy-Anglia 1:1 Leonardo Bonucci
65%
2012 Hiszpania-Włochy 4:0 Jordi Alba
53%
2012 Hiszpania-Włochy 4:0 David Silva
44%
2004 Grecja-Portugalia 1:0 Angelos Charisteas
41%
2012 Hiszpania-Włochy 4:0 Juan Mata
34%
Nie znaleziono quizów pasujących do podanych kryteriów
Rozkład punktacji
Procent ludzi z każdym wynikiem
Percentyl według liczby udzielonych odpowiedzi
Twoja historia wyników
Nie rozwiązałeś tego quizu